000 00511nam a2200145Ia 4500
008 100122s9999 xx 000 0 und d
082 _b3987
_a923.454
100 _aवैद्य द्वा गो
245 _aनारायण गणेश चंदावरकर
260 _bप्रकाशक शोधणे
_c1924
300 _a70
630 _aनारायण गणेश चंदावरकर
730 _aनारायण गणेश चंदावरकर
942 _cBOOK
999 _c397782
_d397779